00436nam a2200181Ia 4500008004100000020001800041050001600059100002300075245003100098245002600129260001500155260001600170260000900186300001600195300002500211300001000236500000800246170918s9999 xx 000 0 und d a9780590672979 bH217mc 1974 aHamilton, Virginia aM. C. Higgins, the great / cby Virginia Hamilton. aNew York : bScholastic, c1974 a278 pages : bcolor illustration ; c19cm. a620